1595 1101 1108 1203 1893 1645 1503 1334 1687 1161 1067 1094 1272 1122 1463 1958 1603 1681 1086 1882 1506 1856 1660 1748 1619 1490 1576 1767 1099 1689 1685 1620 1706 1998 1184 1771 1407 1700 1818 1413 1357 1122 1487 1782 1778 1149 1117 1750 1068 1614 1628 1944 1011 1100 1092 1265 1416 1383 1277 1490 1636 1517 1408 1576 1015 1730 1575 1677 1318 1416 1291 1860 1068 1611 1409 1400 1741 1798 1185 1625 1563 1843 1027 1725 1296 1756 1822 1295 1859 1235 1007 1313 1553 1896 1485 1939 1875 1186 1300 BCNSPRNW ULIB Ver.6.0+V

เปลี่ยนเป็นภาษาไทย

Change to English
 แสดงรายละเอียดบรรณานุกรม
  กลับหน้าหลัก

Brief Record : Get Marc (ISO 2709) : E-mail record : QR code < ปิดหน้าต่าง
LEADER : 00000nam 2200000uu 4500
001    13399121472
003     ULIB
008    121120s2549||||th 000 0 tha d
020    ^a9742987866
050    ^aQK85.3T5 ^bว694ต
100 0   ^aวิริยะ สิริสิงห.
245 1   ^aต้นไม้ในบ้าน ไม้มงคล / ^cวิริยะ สิริสิงห.
246 3   ^aไม้มงคล.
260    ^aกรุงเทพฯ : ^bชมรมเด็ก, ^c2549.
300    ^a200 หน้า : ^bภาพประกอบสี ; ^c21 ซม.
650    ^aดอกไม้ ^zไทย.
650    ^aพฤกษชาติ.
650    ^aไม้มงคล.
650    ^aไม้ประดับ.
650    ^aต้นไม้
650    ^aไม้ดอก
650    ^aการปลูกต้นไม้
650    ^aไม้ดอก
650    ^aไม้ประดับ
650    ^aไม้มงคล
650    ^aต้นไม้ ^xคติชาวบ้าน.
650    ^aไม้ประดับ.
650    ^aไม้ดอก.
650    ^aการปลูกต้นไม้.
700 0   ^aโอภาส อาจอารมณ์
945    ^p250^l0^i16266
995    ^aวิภา
999    ^aวิภา
รายการนี้ยังไม่มีแท็ก
คุณยังไม่ได้ล็อกอิน คุณสามารถมีกิจกรรมร่วมกับเว็บไซต์ได้ แต่ต้องล็อกอินก่อน ::
  ล็อกอิน

รายการสื่อสารสนเทศ

ลำดับที่ ประเภท เลขเรียก/บาร์โค้ด สถานที่ สถานะ
1. วิทยาศาสตร์การแพทย์ และสุขภาพ
วิทยาศาสตร์การแพทย์ และสุขภาพ
QK85.3T5 ว694ต  
  Barcode: 16266
ห้องสมุดวิทยาเขตสวรรค์ประชารักษ์
►หนังสือทั่วไป
บนชั้น

รายการใกล้เคียง
    หัวเรื่อง [ต้นไม้]
    หัวเรื่อง [ไม้ดอก]
    หัวเรื่อง [ไม้ดอก]
    หัวเรื่อง [ไม้ประดับ]
    หัวเรื่อง [ไม้มงคล]

BibComment


ยังไม่เคยถูกคอมเมนท์

คอมเมนท์ทรัพยากรรายการนี้
  คอมเมนท์: ต้นไม้ในบ้าน ไม..


 Copyright 2026. Bcnsprnw @Library